<?xml version="1.0" encoding="UTF-8"?>
<collection xmlns:xsi="http://www.w3.org/2001/XMLSchema-instance" xsi:schemaLocation="http://www.loc.gov/MARC21/slim http://www.loc.gov/standards/marcxml/schema/MARC21slim.xsd" xmlns="http://www.loc.gov/MARC21/slim">
 <record>
  <leader>00000cmm a2200000 i 4500</leader>
  <controlfield tag="001">UP-99796217613281309</controlfield>
  <controlfield tag="003">Buklod</controlfield>
  <controlfield tag="005">20230223093747.0</controlfield>
  <controlfield tag="006">m    |o  d |      </controlfield>
  <controlfield tag="007">cr |||||||||||</controlfield>
  <controlfield tag="008">230223s2018    xx         u        eng d</controlfield>
  <datafield tag="020" ind1=" " ind2=" ">
   <subfield code="a">9780128033821 (eBook)</subfield>
  </datafield>
  <datafield tag="035" ind1=" " ind2=" ">
   <subfield code="a">(iLib)UPD-00475869617</subfield>
  </datafield>
  <datafield tag="040" ind1=" " ind2=" ">
   <subfield code="a">DLC</subfield>
   <subfield code="d">DENGII</subfield>
   <subfield code="e">rda</subfield>
  </datafield>
  <datafield tag="041" ind1=" " ind2=" ">
   <subfield code="a">eng</subfield>
  </datafield>
  <datafield tag="042" ind1=" " ind2=" ">
   <subfield code="a">DMLUC</subfield>
  </datafield>
  <datafield tag="084" ind1=" " ind2=" ">
   <subfield code="a">QE 634 B93</subfield>
   <subfield code="b">M583 2018eb</subfield>
  </datafield>
  <datafield tag="100" ind1="1" ind2=" ">
   <subfield code="a">Mitchell, A. H. G.</subfield>
   <subfield code="e">author.</subfield>
  </datafield>
  <datafield tag="245" ind1="0" ind2="0">
   <subfield code="a">Geological belts, plate boundaries, and mineral deposits in Myanmar</subfield>
   <subfield code="c">Andrew Mitchell.</subfield>
  </datafield>
  <datafield tag="264" ind1=" " ind2="1">
   <subfield code="a">Amsterdam</subfield>
   <subfield code="b">Elsevier</subfield>
   <subfield code="c">[2018]</subfield>
  </datafield>
  <datafield tag="300" ind1=" " ind2=" ">
   <subfield code="a">1 online resource</subfield>
  </datafield>
  <datafield tag="336" ind1=" " ind2=" ">
   <subfield code="a">text</subfield>
   <subfield code="2">rdacontent</subfield>
  </datafield>
  <datafield tag="337" ind1=" " ind2=" ">
   <subfield code="a">computer</subfield>
   <subfield code="2">rdamedia</subfield>
  </datafield>
  <datafield tag="338" ind1=" " ind2=" ">
   <subfield code="a">online resource</subfield>
   <subfield code="2">rdacarrier</subfield>
  </datafield>
  <datafield tag="504" ind1=" " ind2=" ">
   <subfield code="a">Includes bibliographical references and index.</subfield>
  </datafield>
  <datafield tag="505" ind1="0" ind2=" ">
   <subfield code="a">Introduction -- Myanmar east of the Sagaing Fault. The Shan Plateau west of the Salween -- Myanmar east of the Salween : the Sibumasu-Mong Yawng arc collision and related tin mineralization -- The Mergui group and equivalents in the Slate Belt, Phayaungtaung and the Gaoliogong Range (northeastern Myanmar) -- Paung Laung-Mawchi zone -- Granites, minor intrusions, and mineralization in the Slate Belt, Phayaungtaung, and Gaoligong Range -- Mogok metamorphic belt -- Tagaung-Myitkyina Belt and Katha-Gangaw Range -- Myanmar west of the Sagaing Fault. Popa-Loimye magmatic arc -- Central Burma depression and its petroleum occurrences / Michael F. Ridd -- The Indo-Burman ranges and the Arakan coastal lowland -- Exploration history and petroleum geology of offshore Myanmar / Andrew Racey -- Hukawng Basin, the amber mines, and the Orbitolina limestone -- Jade mines-Loimaw uplift -- Kumon Range -- Myanmar east and west of the Sagaing Fault. Chaun Kan gneiss and the India collision zone in northwestern Myanmar -- Popa-Loimye arc, correlations with Tibet, and alluvial diamonds in Myanmar -- Myanmar orogens and Flysch, potential for mineral discoveries, and Shan scarps and jade mines cross sections.</subfield>
  </datafield>
  <datafield tag="506" ind1="0" ind2=" ">
   <subfield code="a">IP based subscription, on campus and remote access.</subfield>
   <subfield code="c">Access via Electronic Resources of the UPD Engineering Library and University Library websites.</subfield>
  </datafield>
  <datafield tag="520" ind1=" " ind2=" ">
   <subfield code="a">Geological Belts, Plate Boundaries and Mineral Deposits in Myanmar arms readers with a comprehensive overview of the geography, geology, mineral potential and tectonic plate activity of Myanmar. The book focuses on the nature and history of the structural belts and terranes of Myanmar, with particular emphasis on the mineral deposits and their relationship to stratigraphy and structure. The country has a long history of plate tectonic activity, and the most recent plate movements relate to the northward movement of the India plate as it collides with Asia. Both of these are responsible for the earthquakes which frequently occur, making the country a geologically dynamic region. Additionally, Myanmar is rich in mineral and petroleum potential and the site of some of Southeast Asia’s largest faults. However, many geoscientists are only recently becoming familiar with Myanmar due to previous political issues. Some of these barriers have been removed and there is emerging international interest in the geology and mineral deposits of Myanmar. This book collates this essential information in one complete resource. Geological Belts, Plate Boundaries and Mineral Deposits in Myanmar is an essential reference for economic geologists, mineralogists, petroleum geologists, and seismologists, as well as geoscience instructors and students taking related coursework.--Provided by publisher. </subfield>
  </datafield>
  <datafield tag="533" ind1=" " ind2=" ">
   <subfield code="a">Electronic reproduction.</subfield>
   <subfield code="b">Amsterdam</subfield>
   <subfield code="c">Elsevier</subfield>
   <subfield code="d">2018.</subfield>
   <subfield code="n">Available via World Wide Web through ScienceDirect.</subfield>
  </datafield>
  <datafield tag="650" ind1=" " ind2="0">
   <subfield code="a">Geology, Structural</subfield>
   <subfield code="z">Burma.</subfield>
  </datafield>
  <datafield tag="650" ind1=" " ind2="0">
   <subfield code="a">Plate tectonics</subfield>
   <subfield code="z">Burma.</subfield>
  </datafield>
  <datafield tag="650" ind1=" " ind2="0">
   <subfield code="a">Electronic books.</subfield>
  </datafield>
  <datafield tag="842" ind1=" " ind2=" ">
   <subfield code="a">Electronic Resource</subfield>
  </datafield>
  <datafield tag="856" ind1="4" ind2="0">
   <subfield code="u">https://doi.org/10.1016/C2014-0-00978-1</subfield>
   <subfield code="z">Available for University of the Philippines System via ScienceDirect. Click here to access</subfield>
  </datafield>
  <datafield tag="856" ind1="4" ind2="0">
   <subfield code="u">https://www-sciencedirect-com.ezproxy.engglib.upd.edu.ph/book/9780128033821/geological-belts-plate-boundaries-and-mineral-deposits-in-myanmar#book-info</subfield>
   <subfield code="z">Also available remotely for University of the Philippines System via ScienceDirect. Click here to access thru EZproxy</subfield>
  </datafield>
  <datafield tag="905" ind1=" " ind2=" ">
   <subfield code="a">FO</subfield>
  </datafield>
  <datafield tag="852" ind1="0" ind2=" ">
   <subfield code="a">UPD</subfield>
   <subfield code="b">DENG-II</subfield>
   <subfield code="h">QE 634 B93</subfield>
   <subfield code="i">M583 2018EB</subfield>
  </datafield>
  <datafield tag="942" ind1=" " ind2=" ">
   <subfield code="a">Electronic Resource</subfield>
  </datafield>
 </record>
</collection>
